[Event "36th Zalakaros Festival 2017"]
[Site "Zalakaros"]
[Date "2017.05.26"]
[Round "9"]
[White "Erdos, Viktor"]
[Black "Kovalenko, Igor"]
[Result "0-1"]
[WhiteElo "2614"]
[BlackElo "2657"]
[Annotator "TA"]
[PlyCount "110"]
[EventDate "2017.??.??"]
[EventType "swiss"]
[EventCountry "HUN"]
[SourceTitle "playchess.com"]
[Source "ChessBase"]
[SourceQuality "1"]

{[%evp 14,110,0,0,9,9,10,12,22,9,41,22,62,50,50,50,38,13,15,11,13,19,9,0,10,4,31,41,41,27,25,23,16,15,41,49,56,47,44,65,41,29,29,0,12,17,45,47,35,47,38,30,47,0,17,0,20,12,0,0,0,0,0,0,12,12,12,12,13,0,14,0,0,0,0,0,0,-87,0,0,0,-21,0,0,0,-4,-4,-89,-89,-112,-77,-141,-115,-104,-40,-47,-44,-49,-40]} 1. d4 Nf6 2. c4 e6 3. Nf3 b6 4. Bf4 Bb7 5. e3 Bb4+ 6. Nbd2 Be7 {E12: Queen's Indian: Unusual White 4th moves, 4 a3, 4 Nc3 Bb7 5 a3 and 4 Nc3 Bb7} 7. h3 (7. Bd3 Nh5 8. Bg3 d6 9. Qc2 c5 10. O-O Nxg3 11. fxg3 g6 12. Be4 Nc6 13. d5 exd5 14. Bxd5 {½-½ (103) Kovalenko,I (2664)-Neiksans,A (2620) Liepaja 2016}) 7... c5 8. Be2 {LiveBook: 3 Games} cxd4 {The position is equal.} 9. Nxd4 O-O 10. O-O d5 $146 ({Predecessor:} 10... a6 11. Bf3 Qc8 12. a4 d6 13. Bh2 Nc6 14. Rc1 {0-1 (48) Moor,O (2317)-Aroshidze,L (2525) Sitges 2015}) 11. Rc1 Nbd7 {[#] aiming for ...e5.} 12. Bh2 Nc5 13. cxd5 (13. b4 $5 {[%cal Rb4c5]} Ncd7 14. Qb3 $14) 13... Nxd5 14. Nc4 a6 15. a3 b5 16. Ne5 Rc8 17. Bf3 Bd6 18. Qe2 Qe7 19. Rc2 Bxe5 20. Bxe5 Nd7 {[%cal Bc5d7,Bd7b6,Bb6c4][%mdl 32] ...Rxc2 is the strong threat.} 21. Bg3 (21. Bc7 $5) 21... Rxc2 22. Nxc2 Rc8 23. Rd1 N7b6 24. e4 Nf6 25. Bh4 Qc5 26. Bxf6 gxf6 27. Ne3 Nc4 28. Ng4 Qg5 29. g3 h5 30. h4 $1 {[%cal Rh4g5]} Qg6 31. Nh2 Ne5 32. Bg2 Rc4 {[%cal Rc4e4]} 33. Re1 Rd4 34. Qe3 Rd7 (34... Rd3 $5 {[%cal Rd3e3]} 35. Qa7 Rd7 $11) 35. b3 Kg7 36. a4 bxa4 37. bxa4 Bc6 38. Qb6 Bxa4 39. Qxa6 Bc2 40. Qe2 Bd3 41. Qe3 Bc4 42. Ra1 Rd3 43. Qc5 Rb3 44. Rd1 Bd3 45. Qd4 {[#]} (45. Re1 $11) 45... Bb5 (45... Nc6 $1 $17 {[%cal Rc6d4]} 46. Qc5 Bxe4) 46. Ra1 $11 Qh6 47. Rd1 Be2 48. Re1 Bb5 49. Rd1 Qh8 50. Ra1 (50. f4 $1 $11 {keeps the balance.} Nc4 51. Nf1) 50... Qc8 $17 51. Qd1 Rc3 {Threatens to win with ...Qc5.} 52. Bf1 (52. Nf3 $142 Rd3 53. Qf1) 52... Qc5 53. Bxb5 Rxg3+ ({Black should play} 53... Qxb5 $17 54. Rc1 Rd3) 54. Kh1 $15 Ng4 55. Nxg4 Rxg4 {Precision: White = 51%, Black = 53%.} 0-1

[Event "36th Zalakaros Festival 2017"]
[Site "Zalakaros"]
[Date "2017.05.26"]
[Round "9"]
[White "Vajda, Levente"]
[Black "Nisipeanu, Liviu-Dieter"]
[Result "1/2-1/2"]
[WhiteElo "2600"]
[BlackElo "2686"]
[Annotator "TA"]
[PlyCount "21"]
[EventDate "2017.??.??"]
[EventType "swiss"]
[EventCountry "HUN"]
[SourceTitle "playchess.com"]
[Source "ChessBase"]
[SourceQuality "1"]

{[%evp 12,21,15,9,8,20,36,17,43,0,16,0]} 1. Nf3 d5 2. g3 g6 3. Bg2 Bg7 4. O-O e5 5. d3 Ne7 6. e4 dxe4 7. dxe4 Qxd1 {A07: Réti Opening: New York and Capablanca Systems} 8. Rxd1 f6 (8... Nbc6 9. c3 Be6 10. Na3 h6 11. Be3 a6 12. Nd2 O-O 13. Bf1 Rfd8 14. Bc4 Bxc4 15. Naxc4 {1-0 (34) Vachier Lagrave,M (2758)-Gelfand,B (2741) Berlin 2015}) 9. Be3 $146 ({Predecessor:} 9. Nc3 c6 10. Be3 Be6 11. Rd6 Kf7 12. Rad1 Nc8 13. R6d2 Re8 14. Bf1 Nb6 15. b3 {0-1 (64) Aronyak,G (2180)-Czebe,A (2491) Chennai 2017}) 9... Be6 10. Nbd2 Nd7 11. Bf1 1/2-1/2

[Event "36th Zalakaros Festival 2017"]
[Site "Zalakaros"]
[Date "2017.05.26"]
[Round "9"]
[White "Papp, Gabor"]
[Black "Horvath, Jozsef"]
[Result "1/2-1/2"]
[WhiteElo "2592"]
[BlackElo "2526"]
[Annotator "TA"]
[PlyCount "55"]
[EventDate "2017.??.??"]
[EventType "swiss"]
[EventCountry "HUN"]
[SourceTitle "playchess.com"]
[Source "ChessBase"]
[SourceQuality "1"]

{[%evp 25,55,0,0,0,0,0,30,-15,-15,-15,-15,-20,-20,-15,-18,-31,0,0,0,0,0,0,0,0,0,0,0,0,0,0,0,0]} 1. e4 c6 2. d4 d5 3. Nd2 dxe4 4. Nxe4 Bf5 5. Ng3 Bg6 6. h4 h6 7. Nf3 e6 8. h5 Bh7 9. Bd3 Bxd3 10. Qxd3 Nf6 11. Bd2 c5 12. Ne4 {B19: Classical Caro-Kann: 4...Bf5 main line} Nc6 13. Nxf6+ (13. Bc3 cxd4 14. Nxd4 Nb4 15. Nxf6+ gxf6 16. Bxb4 Bxb4+ 17. c3 Be7 18. O-O-O Qb6 19. Qb5+ Kf8 {1-0 (55) Wei,Y (2727)-Wang,H (2690) China 2017}) 13... Qxf6 {LiveBook: 3 Games} 14. dxc5 Qxb2 15. O-O {[#] And now Rab1 would win.} Rd8 16. Qe4 {Rab1 is the strong threat.} Bxc5 {next ...0-0 is good for Black.} 17. Rab1 Qxa2 {Black wants to play ...Bb6.} 18. Qg4 $146 ({Predecessor:} 18. Rxb7 Qd5 19. Qxd5 Rxd5 {½-½ (32) Goossens,H (2156)-Swapnil,S (2421) Rethymno 2014}) 18... Nd4 {White must now prevent ...Nxf3+.} 19. Ne5 Nf5 20. Rxb7 Rxd2 21. Rb8+ {The position is equal.} Ke7 22. Rb7+ Ke8 {Strongly threatening ...Rxf2!} 23. Qe4 {White wants to mate with Qc6+.} Qa6 {Hoping for ...Bxf2+!} 24. Rb8+ Ke7 25. Rb7+ Ke8 26. Rb8+ Ke7 27. Rb7+ Ke8 (27... Kd8 $5 {[%cal Rf5g3]} 28. Nc6+ Kc8 29. Rxf7 {[#]} Bxf2+ $1 {[%mdl 512]} 30. Kh2 (30. Rxf2 $2 Rd1+ 31. Kh2 Rh1+ 32. Kxh1 Ng3+ 33. Kh2 Nxe4 $19) 30... Re8 31. Rxf2 Rxf2 $11) 28. Rb8+ 1/2-1/2

[Event "36th Zalakaros Festival 2017"]
[Site "Zalakaros"]
[Date "2017.05.26"]
[Round "9"]
[White "Sanal, Vahap"]
[Black "Bagi, Mate"]
[Result "1/2-1/2"]
[WhiteElo "2533"]
[BlackElo "2455"]
[Annotator "TA"]
[PlyCount "69"]
[EventDate "2017.??.??"]
[EventType "swiss"]
[EventCountry "HUN"]
[SourceTitle "playchess.com"]
[Source "ChessBase"]
[SourceQuality "1"]

{[%evp 19,69,-19,2,-57,-52,-61,-60,-76,-82,-81,-37,-43,-41,-34,-30,-33,0,0,0,0,0,0,0,0,-5,0,16,1,5,9,51,52,54,58,67,54,68,44,68,50,51,38,43,26,37,20,20,0,0,0,0,3]} 1. Nf3 Nf6 2. g3 g6 3. b3 c5 4. Bb2 Bg7 5. c4 d6 6. Bg2 e5 7. O-O O-O 8. Nc3 Nc6 9. e3 Bf5 10. d4 {A38: Symmetrical English vs ...g6: 4 Bg2 Bg7 5 Nf3 Nf6} e4 {LiveBook: 4 Games} 11. Ng5 (11. Nh4 $11) (11. Ne1 Re8 12. Nc2 h5 13. Qd2 h4 14. Ba3 b6 15. Rfd1 Bg4 16. Rdc1 Qd7 17. b4 Qf5 {0-1 (37) Caruana,F (2795)-Kasparov,G (2812) Saint Louis 2016}) 11... Re8 $15 12. dxc5 {Black is slightly better.} dxc5 13. Nb5 {[#]} h6 $1 {[%cal Rh6g5]} 14. Nh3 {[%cal Bg5h3,Bh3f4,Bf4d5][%mdl 32]} Qe7 $146 {White must now prevent ...Rad8.} ({Predecessor:} 14... Qb6 15. Nf4 Rad8 16. Qe2 g5 17. Bxf6 Bxf6 {0-1 (59) Filipowicz,A (2375)-Lobron,E (2405) Rome 1981}) 15. Qd6 Rad8 16. Qxe7 Rxe7 17. Rad1 Red7 18. Rxd7 Rxd7 19. Nf4 Rd2 20. Bxf6 Bxf6 21. Nd5 Be5 22. Nbc3 Nb4 23. Nxe4 Bxe4 24. Bxe4 Nxd5 25. Bxd5 Rxa2 26. Bxb7 $11 {[%mdl 4096] Endgame KRB-KRB} f5 27. Bf3 Kg7 28. Kg2 Ra1 29. Bd1 Ra2 30. h3 Kf6 31. Kf3 g5 32. g4 f4 {The position is equal.} 33. Ke4 Rd2 34. Bf3 a5 35. Rd1 {Precision: White = 44%, Black = 52%.} 1/2-1/2

[Event "36th Zalakaros Festival 2017"]
[Site "Zalakaros"]
[Date "2017.05.26"]
[Round "9"]
[White "Mikhalevski, Victor"]
[Black "Mihok, Oliver"]
[Result "1-0"]
[WhiteElo "2520"]
[BlackElo "2532"]
[Annotator "TA"]
[PlyCount "159"]
[EventDate "2017.??.??"]
[EventType "swiss"]
[EventCountry "HUN"]
[SourceTitle "playchess.com"]
[Source "ChessBase"]
[SourceQuality "1"]

{[%evp 9,159,27,34,42,45,45,45,42,43,43,41,35,36,32,32,33,34,34,36,37,38,25,71,58,66,64,73,64,71,69,71,71,71,71,64,71,72,72,72,36,51,53,72,43,43,40,61,63,72,71,64,52,65,67,64,72,66,50,66,62,68,33,35,50,68,68,60,62,52,0,52,38,33,34,56,25,39,-15,103,91,99,100,100,98,107,99,84,101,64,63,138,14,17,8,18,8,8,0,0,0,304,0,0,0,0,0,0,0,0,0,0,0,355,348,324,316,269,223,223,223,223,223,223,223,223,223,223,223,223,223,223,223,223,223,223,223,405,405,405,405,405,405,405,0,405,405,405,405,405,405,29970,29956]} 1. c4 c5 2. Nf3 Nc6 3. Nc3 e5 4. e3 f5 5. d4 e4 $1 {[%cal Re4f3]} 6. d5 {A35: Symmetrical English: 2 Nc3 Nc6 3 Nf3} exf3 7. dxc6 dxc6 8. Qxd8+ {White is slightly better.} Kxd8 9. gxf3 Nf6 10. b3 Bd6 (10... g6 11. Bb2 Bg7 12. Ne2 Ke7 13. Nf4 {½-½ (48) Short,N (2670)-Hou,Y (2649) Hoogeveen 2016}) 11. Bb2 Ke7 12. O-O-O Be6 13. h4 Rhd8 $146 14. Na4 {[%cal Bc3a4,Ba4b2,Bb2d3,Bd3e5][%mdl 32]} b6 15. Be2 Kf7 16. Bc3 Be7 17. Rdg1 Rd6 18. Nb2 Rad8 19. Kc2 Ne8 20. Nd3 Bf6 21. Rd1 Bxc3 22. Kxc3 Nf6 23. Ne5+ Ke7 24. Bd3 Bf7 25. Bc2 g6 26. Rhe1 Be8 27. Nd3 Kf8 28. Nf4 Rxd1 29. Bxd1 {And now Ne6+ would win.} Bf7 30. Bc2 b5 31. Nd3 Nd7 32. Bd1 a5 33. a4 Rb8 34. Bc2 Ke7 35. Ra1 bxc4 36. bxc4 Kf6 37. f4 Be6 38. Rd1 Ke7 39. Ne5 (39. f3 $14) 39... Rb6 (39... Nxe5 $11 40. fxe5 f4) 40. h5 $14 Nxe5 41. fxe5 {[%mdl 4096] Endgame KRB-KRB} g5 42. Rd6 h6 $1 43. f3 (43. f4 $14) 43... Ra6 (43... g4 $11 44. e4 f4 45. fxg4 f3) 44. f4 $16 gxf4 45. exf4 Rb6 46. Bb3 Ra6 47. Bd1 Rb6 48. Bc2 Rb4 49. Kd2 Rb6 (49... Rb2 $14) 50. Kc1 ({White should play} 50. Bd3 $16) 50... Rb4 $11 51. Kd1 Bxc4 52. Rxh6 Bf7 53. Rh8 {Strongly threatening h6.} Rxf4 54. h6 {Threatens to win with h7.} Rf1+ $2 {[%mdl 8192]} (54... Ke6 $11) 55. Kd2 $2 (55. Ke2 $18 Rh1 56. Bxf5) 55... Rf2+ 56. Kc1 {Black must now prevent h7.} Rf1+ $1 57. Kb2 {h7 is the strong threat.} Rf2 $1 58. Kc1 Rf1+ $1 59. Kd2 Rf2+ 60. Kd1 $2 {[%mdl 8192]} (60. Kc3 $11 Rf3+ 61. Kb2) 60... Rf1+ $1 $18 61. Ke2 Rh1 62. Bxf5 Rh5 63. h7 Rxf5 {[#]} 64. Re8+ $1 {[%mdl 512]} Bxe8 (64... Kxe8 65. h8=Q+) 65. h8=Q {KQ-KRB} Bf7 66. Qb8 Bd5 67. Qc7+ Ke6 68. Qd6+ ({Less strong is} 68. Qxa5 Rxe5+ 69. Kd3 Re4 $14) 68... Kf7 69. Qxc5 Rxe5+ 70. Kd2 Re4 71. Qxa5 Ke6 72. Qa7 Kd6 $2 (72... c5 73. Qb6+ (73. Qxc5 Rxa4 74. Qc8+ Ke7 $14) 73... Kd7 74. Qxc5 Re6 75. Qa7+ (75. Qxd5+ Rd6 $11) 75... Kc8) 73. a5 {[%cal Ba4a5,Ba5a6,Ba6a7][%mdl 32]} Ra4 74. Qb8+ Kd7 75. Qb7+ Kd6 76. Qb8+ Kd7 {[#]} 77. a6 $1 {[%mdl 512]} c5 (77... Rxa6 78. Qb7+) 78. a7 {Hoping for Qb5+.} Bc6 79. Kc3 Ke6 (79... Ra1 $18 80. Kc4 Rc1+ 81. Kb3 Rb1+ 82. Kc2 Ra1) 80. Qb3+ {Precision: White = 67%, Black = 56%.} 1-0

[Event "36th Zalakaros Festival 2017"]
[Site "Zalakaros"]
[Date "2017.05.26"]
[Round "9"]
[White "Kollars, Dmitrij"]
[Black "Prohaszka, Peter"]
[Result "1/2-1/2"]
[WhiteElo "2503"]
[BlackElo "2596"]
[Annotator "TA"]
[PlyCount "22"]
[EventDate "2017.??.??"]
[EventType "swiss"]
[EventCountry "HUN"]
[SourceTitle "playchess.com"]
[Source "ChessBase"]
[SourceQuality "1"]

{[%evp 19,22,14,14,10,9]} 1. e4 c6 2. d4 d5 3. Nd2 dxe4 4. Nxe4 Nf6 5. Nxf6+ exf6 6. c3 Bf5 7. Bd3 {B15: Caro-Kann: 3 Nc3: 3...g6 and 3...dxe4 4 Nxe4 Nf6 5 Nxf6+ exf6} Bxd3 8. Qxd3 Bd6 9. Nf3 (9. Qe3+ Qe7 10. Nf3 Nd7 11. Qxe7+ Kxe7 12. Be3 Nb6 13. O-O-O Kd7 14. Rhe1 Nd5 {½-½ (50) Wei,Y (2707)-Rapport,R (2717) Yancheng 2016}) 9... O-O 10. O-O Na6 {LiveBook: 3 Games} 11. Re1 Qd7 $146 ({Predecessor:} 11... Nc5 12. Qc2 Ne6 13. Be3 Qc7 14. c4 Rfe8 {½-½ (45) Amonatov,F (2591)-Bublei,P (2380) St Petersburg 2015}) 1/2-1/2

[Event "36th Zalakaros Festival 2017"]
[Site "Zalakaros"]
[Date "2017.05.26"]
[Round "9"]
[White "Chernyshov, Konstantin"]
[Black "Stupak, Kirill"]
[Result "1/2-1/2"]
[WhiteElo "2485"]
[BlackElo "2560"]
[Annotator "TA"]
[PlyCount "100"]
[EventDate "2017.??.??"]
[EventType "swiss"]
[EventCountry "HUN"]
[SourceTitle "playchess.com"]
[Source "ChessBase"]
[SourceQuality "1"]

{[%evp 9,100,14,12,6,20,10,5,-22,-35,-30,-27,-32,-24,-33,-35,-47,-14,-27,-24,-36,-24,-24,-24,-24,-24,-24,-24,-36,-16,-47,-38,-64,-31,-35,-8,-24,-24,-29,-25,-26,-15,-36,-26,-31,-29,-31,-27,-52,-11,-5,-10,-23,-23,-23,-23,-23,-23,-23,-19,-23,-41,-51,0,0,0,0,0,0,0,0,0,0,0,0,0,0,0,0,0,0,0,0,0,0,0,0,0,0,0,0,0,0,0]} 1. d4 Nf6 2. Nf3 g6 3. g3 c5 4. c3 b6 5. Bg2 Bb7 6. Qb3 {A49: 1 d4 Nf6 2 Nf3 g6 3 g3: Anti-King's Indian systems} (6. Bg5 Bg7 7. Nbd2 O-O 8. O-O d6 9. Bxf6 Bxf6 10. e3 Nd7 11. a4 d5 {0-1 (67) Carlsen,M (2857)-Grischuk,A (2754) chess.com INT 2016}) 6... Qc8 7. dxc5 Qxc5 $146 ({Predecessor:} 7... bxc5 8. O-O c4 9. Qa4 Qc6 10. Qxc6 Nxc6 11. Na3 d5 {1-0 (53) Barbascu,M (2096)-Ciobanu,C (2234) Buzias 2002}) 8. Be3 Qc8 9. a4 Nc6 10. Nbd2 Bg7 11. O-O O-O 12. h3 d5 13. Bd4 Rd8 14. Ne5 Nxe5 (14... Qc7 $5 {[%cal Rc6e5]} 15. Nxc6 Bxc6 $15) 15. Bxe5 Ne4 16. Nxe4 {[#] Strongly threatening Bxg7.} Bxe5 17. Nd2 Qc5 {Threatens to win with ...Bxg3.} 18. Qb5 a6 19. Qd3 Rac8 20. e3 Bf6 21. Rfd1 e6 22. Qe2 Qc7 23. h4 Rd7 24. Nf3 Qc4 25. Qd2 Kg7 26. Qe1 Rcd8 27. Rd2 e5 28. Qd1 d4 (28... a5 {feels hotter.} 29. Qf1 Qxf1+ 30. Kxf1 h6 31. Kg1 Bc6) 29. cxd4 exd4 30. Nxd4 {[#] Hoping for Rc1.} (30. Rc1 $5 {[%cal Rc1c4]} Qd5 31. Kh2 $11) 30... Bxg2 ({Reject} 30... Bxd4 31. Bxb7 Qc7 32. exd4 $14 (32. Rxd4 Rxd4 33. exd4 Qxb7 $14)) 31. Kxg2 Bxd4 32. exd4 Rxd4 33. Rxd4 Rxd4 $11 {[%mdl 4096] Endgame KQR-KQR} 34. Qf3 Rd3 35. Qb7 Rb3 (35... Qd4 $15) 36. Re1 {The position is equal.} Rxb2 37. Re4 Qa2 (37... Qc5 $5 38. Rf4 $8 Qf8 $11) 38. Rf4 Qe6 39. Re4 Qa2 40. Rf4 Rd2 41. Qxb6 Qd5+ 42. Rf3 a5 43. Qf6+ Kg8 44. Kh2 Rd1 45. Qf4 h5 (45... h6 $5) 46. Qf6 Rc1 47. Qf4 Re1 48. Qf6 Rb1 49. Qf4 Rb4 50. Qf6 Rb1 {Precision: White = 55%, Black = 60%.} 1/2-1/2

[Event "36th Zalakaros Festival 2017"]
[Site "Zalakaros"]
[Date "2017.05.26"]
[Round "9"]
[White "Gasanov, Eldar"]
[Black "Kreisl, Robert"]
[Result "1/2-1/2"]
[WhiteElo "2484"]
[BlackElo "2448"]
[Annotator "TA"]
[PlyCount "99"]
[EventDate "2017.??.??"]
[EventType "swiss"]
[EventCountry "HUN"]
[SourceTitle "playchess.com"]
[Source "ChessBase"]
[SourceQuality "1"]

{[%evp 30,99,-5,-24,-10,0,12,0,17,19,14,14,45,47,50,48,108,110,110,104,107,99,100,44,45,32,68,45,51,51,48,54,101,71,92,58,60,40,105,47,48,32,56,50,174,62,151,41,41,0,143,16,16,0,15,20,68,0,0,0,0,0,0,0,0,0,0,0,0,0,0,0]} 1. d4 Nf6 2. Nf3 d5 3. c4 e6 4. e3 Be7 5. b3 O-O 6. Bd3 c5 7. O-O cxd4 8. exd4 b6 9. Bb2 Bb7 10. Nbd2 {[%cal Bb1d2,Bd2f1,Bf1e3,Be3g4][%mdl 32]} Nc6 11. Rc1 Rc8 12. Qe2 Re8 13. Rfd1 Bf8 14. Nf1 g6 15. Ne3 Bg7 {E14: Queen's Indian: Classical Variation (4 e3)} 16. Bb1 {[#] LiveBook: 7 Games} Ba6 $146 ({Predecessor:} 16... Qe7 17. Ne5 Red8 18. Nxc6 Bxc6 19. c5 bxc5 20. Rxc5 Ne4 21. Rcc1 Qb7 22. Ng4 Bb5 23. Bd3 Bxd3 24. Qxd3 {0-1 (47) Koneru,H (2575)-Gagare,S (2509) Pune 2016}) 17. Ne5 dxc4 18. bxc4 Nxe5 19. dxe5 Nd7 $1 20. Ng4 {aiming for Nf6+!} Qc7 21. Qe3 $1 Red8 22. h4 Nc5 ({Better is} 22... Qc5 $14) 23. Nf6+ $16 Bxf6 24. exf6 {White threatens Qh6 and mate.} Rxd1+ 25. Rxd1 {Intending Qh6 and mate.} Rd8 26. Rd4 (26. Bd3 $16 {White wants to mate with Qh6.} Qd6 27. Bc2) 26... Rxd4 $14 27. Bxd4 e5 28. Bxe5 (28. Bf5 $5) 28... Qd7 29. Qf3 $40 {[%mdl 128] Black needs to defend precisely.} Bb7 30. Qe2 h5 31. Bc3 Ba6 32. Kh2 Qe6 33. Qd2 {Qd8+ would kill now.} Nd7 (33... Qg4 $1 $14) 34. f3 (34. Bd3 $16) 34... Bxc4 35. Qf4 b5 36. a3 Qe8 (36... Qc6 $14) 37. Kg1 ({White should try} 37. Qg5 $1 $18) 37... Nb6 {[#]} ({Black should play} 37... Qf8 $14) 38. Be5 ({Only move:} 38. Qg5 $1 $16) 38... Nd7 39. Bc3 (39. Qh6 $14 Qf8 40. Qxf8+ Kxf8 41. Bd4) 39... Nb6 $1 $16 {[#]} 40. Qh6 (40. Qg5 $1 $16) 40... Qf8 $11 41. Qc1 Qc5+ 42. Kh1 Nd5 43. Bxg6 (43. Qg5 $1 $14 Qe3 44. Bd2 Qxg5 45. hxg5) 43... fxg6 {The position is equal.} ({Not} 43... Nxc3 44. Qh6 Qg1+ 45. Kxg1 Ne2+ 46. Kf2 fxg6 47. Qg7#) 44. Qh6 {[%csl Gc3,Gf6][%cal Rh6g7]} Qc7 45. Qxg6+ Kf8 46. Qh6+ Kg8 47. Qg6+ (47. Be5 $5 Qf7 48. Qg5+ Kf8 49. Qh6+ Kg8 50. Qg5+ Kf8 51. Qh6+ Kg8 $11) 47... Kf8 48. Qh6+ Kg8 49. Qg5+ (49. Bd4 $5 {[%cal Rh6g6]} Qf7 50. Qg5+ Kh7 51. Qf5+ Qg6 52. Qd7+ Kg8 53. Qc8+ Kh7 54. Qb7+ Kg8 55. Qb8+ Kh7 56. Qb7+ Kg8 57. Qb8+ Kf7 58. Qxa7+ Kg8 59. Qa8+ Kf7 60. Qa7+ Ke6 61. Qa8 $11) 49... Kf8 50. Qh6+ {Precision: White = 41%, Black = 35%.} 1/2-1/2

[Event "36th Zalakaros Festival 2017"]
[Site "Zalakaros"]
[Date "2017.05.26"]
[Round "9"]
[White "Kantor, Gergely"]
[Black "Aleksandrov, Aleksej"]
[Result "1/2-1/2"]
[WhiteElo "2481"]
[BlackElo "2559"]
[Annotator "TA"]
[PlyCount "44"]
[EventDate "2017.??.??"]
[EventType "swiss"]
[EventCountry "HUN"]
[SourceTitle "playchess.com"]
[Source "ChessBase"]
[SourceQuality "1"]

{[%evp 16,17,14,18]} 1. d4 Nf6 2. c4 e6 3. Nf3 d5 4. Nc3 c5 5. cxd5 Nxd5 6. e3 cxd4 7. exd4 Be7 8. Bd3 Nc6 9. O-O {LiveBook: 1175 Games} {Predecessor:} O-O $146 10. Re1 Bf6 11. Be4 Nce7 12. Qd3 g6 13. Bh6 Bg7 14. Bg5 f6 15. Bd2 Nxc3 16. Qxc3 Nd5 17. Qb3 b6 18. Bb4 Rf7 19. Nd2 Bb7 20. Ba3 Qd7 21. Nc4 Bf8 22. Bxf8 Rfxf8 {1-0 (48) Ding,L (2778)-Bu,X (2723) Danzhou 2016} 1/2-1/2

[Event "36th Zalakaros Festival 2017"]
[Site "Zalakaros"]
[Date "2017.05.26"]
[Round "9"]
[White "Czebe, Attila"]
[Black "Kozak, Adam"]
[Result "1/2-1/2"]
[WhiteElo "2475"]
[BlackElo "2411"]
[Annotator "TA"]
[PlyCount "74"]
[EventDate "2017.??.??"]
[EventType "swiss"]
[EventCountry "HUN"]
[SourceTitle "playchess.com"]
[Source "ChessBase"]
[SourceQuality "1"]

{[%evp 9,74,0,0,0,0,0,0,0,0,0,2,8,49,39,53,0,5,0,10,-16,0,0,0,-16,0,0,0,0,8,10,7,0,4,4,8,6,8,7,10,0,0,0,0,0,0,0,0,0,0,0,0,0,0,0,0,0,0,0,0,0,0,0,0,0,0,0,0]} 1. e4 e5 2. Nf3 Nc6 3. Nc3 Nf6 4. h3 Bc5 (4... d5 5. exd5 Nxd5 6. Bb5 Nxc3 7. bxc3 Bd6 8. O-O O-O 9. d4 exd4 10. cxd4 h6 11. c3 Qf6 12. Bd3 {0-1 (55) Short,N (2684)-Melkumyan,H (2654) Minsk 2015}) 5. Nxe5 Nxe5 6. d4 {C47: Scotch Four Knights and Four Knights with 4 g3} Bd6 $1 7. dxe5 Bxe5 8. Bd3 O-O 9. O-O Bxc3 10. bxc3 {next e5 is good for White.} d5 11. exd5 Qxd5 12. Be2 $146 (12. c4 $14 Qc6 13. Re1) ({Predecessor:} 12. c4) 12... Qxd1 {The position is equal.} (12... Bf5 {is more complex.} 13. Qxd5 Nxd5 14. c4 Nb4 15. Rb1 c5) 13. Rxd1 Bf5 14. Bf3 Be4 15. Bxe4 Nxe4 16. Be3 Rad8 17. c4 b6 18. Rd3 Rxd3 19. cxd3 $11 {[%mdl 4096] Endgame KRB-KRN} Nd6 20. Bf4 Rd8 21. a4 Ne8 22. Ra3 f6 23. Kf1 g5 24. Be3 Ng7 25. g4 Ne6 26. Ke2 Kf7 27. Kd2 {[#]} h5 $1 {[%mdl 512]} 28. a5 (28. gxh5 f5) 28... hxg4 29. hxg4 Kg6 30. Kc3 c5 31. axb6 axb6 32. Ra7 Rd6 33. Rb7 f5 34. gxf5+ Kxf5 35. Kd2 Kf6 36. Ke2 Kf5 37. Rf7+ Ke5 {Precision: White = 67%, Black = 63%.} 1/2-1/2